Ranked OFC countries - Statistics

General Stats
  • This quiz has been taken 27 times
  • The average score is 9 of 11
Answer Stats
FIFA World ranking Country % Correct
109 New Zealand
100%
171 Papua New Guinea
100%
180 Fiji
96%
186 Solomon Islands
96%
177 Vanuatu
96%
191 Samoa
79%
149 Tahiti
79%
205 Tonga
71%
168 New Caledonia
67%
191 American Samoa
54%
191 Cook Islands
50%
No matching quizzes found
Score Distribution
Percent of People with Each Score
Percentile by Number Answered
Your Score History
You have not taken this quiz